An introduction to theological anthropology : (Record no. 25292)

MARC details
000 -LEADER
fixed length control field 01070cam a2200277 i 4500
001 - CONTROL NUMBER
control field 20786273
003 - CONTROL NUMBER IDENTIFIER
control field AUA.1
005 - DATE AND TIME OF LATEST TRANSACTION
control field 20251123080603.0
008 - FIXED-LENGTH DATA ELEMENTS--GENERAL INFORMATION
fixed length control field 181218s2020 miu b 001 0 eng
010 ## - LIBRARY OF CONGRESS CONTROL NUMBER
LC control number 2018059471
020 ## - INTERNATIONAL STANDARD BOOK NUMBER
International Standard Book Number 9780801096884
Qualifying information (pbk.)
035 ## - SYSTEM CONTROL NUMBER
System control number 20786273
040 ## - CATALOGING SOURCE
Original cataloging agency DLC
Language of cataloging eng
Transcribing agency DLC
Description conventions rda
Modifying agency DLC
042 ## - AUTHENTICATION CODE
Authentication code pcc
050 00 - LIBRARY OF CONGRESS CALL NUMBER
Classification number BT701.3
Item number .F367 2020
082 00 - DEWEY DECIMAL CLASSIFICATION NUMBER
Classification number 233
Edition number 23
100 1# - MAIN ENTRY--PERSONAL NAME
Personal name Farris, Joshua R.,
Relator term author.
245 13 - TITLE STATEMENT
Title An introduction to theological anthropology :
Remainder of title humans, both creaturely and divine /
Statement of responsibility, etc Joshua R. Farris.
260 ## - PUBLICATION, DISTRIBUTION, ETC. (IMPRINT)
Place of publication, distribution, etc Grand Rapids, MI :
Name of publisher, distributor, etc Baker Academic;
Date of publication, distribution, etc c2020.
300 ## - PHYSICAL DESCRIPTION
Extent xxiii, 339 pages ;
Dimensions 23 cm.
504 ## - BIBLIOGRAPHY, ETC. NOTE
Bibliography, etc Includes bibliographical references (pages 291-315) and indexes.
650 #0 - SUBJECT ADDED ENTRY--TOPICAL TERM
Topical term or geographic name as entry element Theological anthropology
General subdivision Christianity.
906 ## - LOCAL DATA ELEMENT F, LDF (RLIN)
a 7
b cbc
c orignew
d 1
e ecip
f 20
g y-gencatlg
942 ## - ADDED ENTRY ELEMENTS (KOHA)
Source of classification or shelving scheme Library of Congress Classification
Koha item type Books
Classification part BT 701.3
Item part .F367 2020
Holdings
Withdrawn status Lost status Source of classification or shelving scheme Damaged status Not for loan Collection code Home library Current library Shelving location Date acquired Source of acquisition Cost, normal purchase price Serial Enumeration / chronology Total Checkouts Full call number Barcode Date last seen Cost, replacement price Price effective from Koha item type
    Library of Congress Classification     Books Judith Thomas Library Judith Thomas Library General Stacks 23/11/2025 Grant, Langham Partnership 28.64 AUA28043   BT 701.3 .F367 2020 AUA28043 23/11/2025 28.64 23/11/2025 Books